000 00338nam a22001457a 4500
005 20160625143152.0
008 160625b xxu||||| |||| 00| 0 eng d
041 _aeng
082 _b10084
245 _aPrinciples of Insurance
260 _bInsurance Intitute of India
_c2003
300 _a167
650 _aManagement
_9241
942 _cBK
999 _c4034
_d4033